000 00726nam a2200289Ia 4500
005 20260121125558.0
008 008 260114s9999 xx 000 0 eng d
020 _a9783110877076
037 _aEBOOK
040 _aCRL
040 _beng
040 _cCRL
041 _2eng
041 _aeng
084 _qCRL
100 _aKruck, Carsten P.
_9995380
245 0 _aBenevolent Conspiracies
260 _bWalter de Gruyter
260 _bWalter de Gruyter
650 _aPolitical Science
_9995381
700 _a Thorn, Christopher
_9995382
700 _a Willke, Helmut
_9995383
856 _uhttp://www.degruyter.com/isbn/9783110877076
942 _cEBOOK
999 _c1563004
_d1563004